Confucius and Cicero : Old Ideas for a New World, New Ideas for an Old World.

Roma Sinica. Mutual interactions between Ancient Roman and Eastern Thought is an original series in the classical and comparative studies. Strongly supported by the SIAC (International Society of Cicero's friends), it aims to publish works concerning the relationships between Ancient Western an...

Full description

Bibliographic Details
Main Author: Balbo, Andrea.
Other Authors: Ahn, Jaewon.
Format: eBook
Language:English
Published: Berlin/Boston : Walter de Gruyter GmbH, 2019.
Edition:1st ed.
Series:Roma Sinica Series
Subjects:
Online Access:Click to View
LEADER 03127nam a22004213i 4500
001 EBC6209876
003 MiAaPQ
005 20231204023214.0
006 m o d |
007 cr cnu||||||||
008 231204s2019 xx o ||||0 eng d
020 |a 9783110616804  |q (electronic bk.) 
020 |z 9783110616606 
035 |a (MiAaPQ)EBC6209876 
035 |a (Au-PeEL)EBL6209876 
035 |a (OCoLC)1135563520 
040 |a MiAaPQ  |b eng  |e rda  |e pn  |c MiAaPQ  |d MiAaPQ 
082 0 |a 181.112 
100 1 |a Balbo, Andrea. 
245 1 0 |a Confucius and Cicero :  |b Old Ideas for a New World, New Ideas for an Old World. 
250 |a 1st ed. 
264 1 |a Berlin/Boston :  |b Walter de Gruyter GmbH,  |c 2019. 
264 4 |c ©2020. 
300 |a 1 online resource (222 pages) 
336 |a text  |b txt  |2 rdacontent 
337 |a computer  |b c  |2 rdamedia 
338 |a online resource  |b cr  |2 rdacarrier 
490 1 |a Roma Sinica Series ;  |v v.1 
505 0 |a Intro -- Table of Contents -- Roma Sinica and Confucius and Cicero: extending the boundaries and constructing relationships -- A. General perspectives -- Comparing Confucius and Cicero: Problems and Possibilities -- B. A philosophical approach -- The Private and the Public in the Republic and in the Analects -- Confucian and Daoist, Stoic and Epicurean. Some Parallels in Ways of Living -- Mind, Heaven, and Ritual in the Xunzi -- C. Key texts -- translating Confucius into Latin -- The Latin translations of Confucius' Dialogues (Lun Yu). A comparison of key concepts -- Is Confucius a Sinicus Cicero? -- D. Key concepts: philosophy, literature and culture -- Humanitas: Universalism, equivocation, and basic criterion -- Becoming human(e): Confucius' Way to仁 and the Imitation of Christ in Yi Byeok's Essence of Sacred Doctrine ( 敎 旨 -- Seonggyo yoji) -- Pietas in pro Sexto Roscio of Cicero and Confucian 孝(xiao) -- "Be modest and avoid wastefulness": table manners and beyond from Confucius to Xi Jinping -- E. A final consideration -- Cicero and Confucius: Similitude in Disguise -- General bibliography -- Index of names, main concepts and texts -- Editors and Contributors. 
520 |a Roma Sinica. Mutual interactions between Ancient Roman and Eastern Thought is an original series in the classical and comparative studies. Strongly supported by the SIAC (International Society of Cicero's friends), it aims to publish works concerning the relationships between Ancient Western and Eastern (Korean, Chinese, Japanese) thought. 
588 |a Description based on publisher supplied metadata and other sources. 
590 |a Electronic reproduction. Ann Arbor, Michigan : ProQuest Ebook Central, 2023. Available via World Wide Web. Access may be limited to ProQuest Ebook Central affiliated libraries.  
655 4 |a Electronic books. 
700 1 |a Ahn, Jaewon. 
776 0 8 |i Print version:  |a Balbo, Andrea  |t Confucius and Cicero  |d Berlin/Boston : Walter de Gruyter GmbH,c2019  |z 9783110616606 
797 2 |a ProQuest (Firm) 
830 0 |a Roma Sinica Series 
856 4 0 |u https://ebookcentral.proquest.com/lib/matrademy/detail.action?docID=6209876  |z Click to View